00350nam a2200157Ia 45000010006000000050017000060080041000230410008000640820014000721000027000862450027001132600009001403000027001496500008001766540008001841968020260306172710.0260306t2011||||xx |||||||||||||| ||spa|| aESP a341bC285 aCulleton, AlfredoeAUT 0aOckham e a lei natural c2011 a183 páginas :c21cm. aGEN aCDE